|
|
|
|
| LEADER |
00000nab a2200000 a 4500 |
| 001 |
vtls000585070 |
| 003 |
SK-MaSNL |
| 005 |
20260303011417.0 |
| 008 |
160201c1996 xo 0 slo |
| 015 |
|
|
|a SNBRB19rr/mm-uuuuu
|
| 035 |
|
|
|a CL0585209
|
| 040 |
|
|
|a SNKBUCL
|b slo
|c SNKBUCL
|e AACR2
|
| 041 |
0 |
|
|a slo
|
| 044 |
|
|
|a xo
|c SK
|
| 080 |
|
|
|a 78.071.1
|2 1981
|
| 100 |
1 |
|
|a Kohoutek, Ctirad,
|d 1929-
|4 aut
|9 99327
|
| 245 |
1 |
0 |
|a Hudba a ticho
|b Rozhovor so skladateľom Ctiradom Kohoutkom
|c Ctirad Kohoutek, Ivan Hrušovský
|
| 600 |
1 |
7 |
|a Kohoutek, Ctirad,
|d 1929-
|2 snkbucl
|9 99327
|
| 655 |
|
7 |
|a rozhovory
|2 snkbucl
|9 31831
|
| 655 |
|
7 |
|a články z novín a časopisov
|2 snkbucl
|9 267496
|
| 700 |
1 |
|
|a Hrušovský, Ivan,
|d 1927-2001
|4 aut
|9 97843
|
| 773 |
0 |
|
|t Mosty
|g Roč. 5, č. 19 (1996), s. 12
|
| 850 |
|
|
|a Slovenská národná knižnica v Martine
|a MTA001
|
| 852 |
|
|
|a SNK
|b KIS3GCP
|
| 958 |
|
|
|a RK
|
| 958 |
|
|
|a CZ
|
| 992 |
|
|
|a RBX
|
| 999 |
|
|
|c 1591981
|d 1593911
|